000
00251nam a2200109Ia 4500
008
200302s9999 xx 000 0 und d
100
_a
Clara Greed
245
_a
Introducing Planning
260
_b
The Athlone Press
260
_c
2000
300
_a
290 P.,
999
_c
5596
_d
5596